[Event "KOS-ch"]
[Site "Pristina"]
[Date "2022.11.11"]
[Round "1"]
[White "Qorri, Fatmir"]
[Black "Kastrati, Shaip"]
[Result "1-0"]
[WhiteElo "1985"]
[BlackElo "1474"]
[PlyCount "59"]
[EventDate "2022.11.11"]
[EventType "swiss"]
[EventRounds "9"]
[EventCountry "KOS"]
[SourceTitle "CBM 211 Extra"]
[Source "ChessBase"]
[SourceDate "2023.01.31"]
[SourceVersion "1"]
[SourceVersionDate "2023.01.31"]
[SourceQuality "1"]

1. d4 Nf6 2. Nf3 d5 3. Nc3 e6 4. e3 a6 5. Bd3 c5 6. dxc5 Bxc5 7. Qe2 Nc6 8. 0-0 0-0 9. e4 d4 10. e5 Nd7 11. Ne4 Be7 12. Neg5 h6 13. Qe4 g6 14. Nxe6 Qe8 15. Nc7 Qd8 16. Nxa8 Nc5 17. Qe2 Kg7 18. e6 Bxe6 19. b4 Nxd3 20. cxd3 Re8 21. Ne5 Nxb4 22. Nxg6 Kxg6 23. Qe4+ Bf5 24. Qf4 Bg5 25. Qg3 Kh7 26. Bxg5 hxg5 27. Nc7 Re7 28. Qxg5 Bg6 29. a3 Nxd3 30. Nd5 1-0

[Event "Pristina Nderkombetar op"]
[Site "Pristina"]
[Date "2022.06.19"]
[Round "5"]
[White "Qorri, Fatmir"]
[Black "Avdiu, Bardh"]
[Result "0-1"]
[WhiteElo "1988"]
[BlackElo "1723"]
[PlyCount "88"]
[EventDate "2022.06.17"]
[EventType "swiss"]
[EventRounds "9"]
[EventCountry "KOS"]
[SourceTitle "CBM 209 Extra"]
[Source "ChessBase"]
[SourceDate "2022.09.30"]
[SourceVersion "1"]
[SourceVersionDate "2022.09.30"]
[SourceQuality "1"]

1. d4 d5 2. Nf3 Nf6 3. g3 c5 4. dxc5 Nc6 5. c3 a5 6. Bd2 e5 7. Bg2 Bxc5 8. 0-0 e4 9. Nd4 Bxd4 10. cxd4 0-0 11. Bg5 Be6 12. Nc3 h6 13. Bxf6 Qxf6 14. e3 Nb4 15. Qb3 Rfd8 16. Rae1 Rac8 17. f3 exf3 18. Bxf3 Qg5 19. Re2 Rc4 20. a3 Nc6 21. Kg2 Ne7 22. h4 Qg6 23. Kf2 Nf5 24. Rg1 Qf6 25. Kg2 Rxd4 26. Qxb7 Rd3 27. Rge1 Qe5 28. Kf1 Nxg3+ 29. Kf2 Nxe2 30. Rxe2 Qh2+ 31. Bg2 Bh3 32. Kf3 Bxg2+ 33. Rxg2 Rxe3+ 34. Kxe3 Qxg2 35. Kd3 Qg3+ 36. Kc2 Qxh4 37. Qc7 d4 38. Nd1 d3+ 39. Kb3 d2 40. Qxa5 Qh3+ 41. Ka2 Qd3 42. Qc7 Re8 43. Qc3 Qxc3 44. Nxc3 Rc8 0-1

[Event "Pristina Nderkombetar op"]
[Site "Pristina"]
[Date "2022.06.18"]
[Round "2"]
[White "Koka, Osman"]
[Black "Qorri, Fatmir"]
[Result "1-0"]
[WhiteElo "2163"]
[BlackElo "1988"]
[PlyCount "96"]
[EventDate "2022.06.17"]
[EventType "swiss"]
[EventRounds "9"]
[EventCountry "KOS"]
[SourceTitle "CBM 209 Extra"]
[Source "ChessBase"]
[SourceDate "2022.09.30"]
[SourceVersion "1"]
[SourceVersionDate "2022.09.30"]
[SourceQuality "1"]

1. d4 Nf6 2. c4 d5 3. cxd5 Qxd5 4. Nc3 Qd8 5. e4 e6 6. Bg5 Be7 7. Nf3 c6 8. Qc2 h6 9. Bh4 Nbd7 10. Rd1 Qa5 11. Be2 g5 12. Bg3 Nh5 13. 0-0 Nf4 14. Bc4 b5 15. Bb3 b4 16. Ne2 Ba6 17. Bxf4 gxf4 18. Bc4 Bxc4 19. Qxc4 Rc8 20. Nxf4 Rg8 21. e5 Rg4 22. g3 Bg5 23. Nxe6 Be7 24. h3 Re4 25. Qd3 Qd5 26. Nf4 Rxf4 27. gxf4 Rd8 28. b3 Nc5 29. Qe3 Ne4 30. Rc1 Kd7 31. Kh2 Rg8 32. Rg1 Rc8 33. Rc4 Kc7 34. Nd2 Nc3 35. Qf3 Kb6 36. Qxd5 Nxd5 37. Rg7 Bh4 38. Ne4 Rc7 39. f5 a5 40. Kg2 Ra7 41. Nc5 Nc3 42. f4 Rc7 43. Na4+ Nxa4 44. bxa4 Re7 45. f6 Rd7 46. Kf1 c5 47. e6 Rd8 48. e7 Ra8 1-0

[Event "EU-ch 22nd"]
[Site "Terme Catez"]
[Date "2022.04.05"]
[Round "10"]
[White "Qorri, Fatmir"]
[Black "Giacomini, Hector"]
[Result "1-0"]
[WhiteElo "2031"]
[BlackElo "2129"]
[PlyCount "148"]
[EventDate "2022.03.27"]
[EventType "swiss"]
[EventRounds "11"]
[EventCountry "SLO"]
[SourceTitle "CBM 208"]
[Source "ChessBase"]
[SourceDate "2022.06.30"]
[SourceVersion "1"]
[SourceVersionDate "2022.06.30"]
[SourceQuality "1"]

1. d4 d5 2. Nf3 Nf6 3. g3 Bf5 4. Bg2 e6 5. 0-0 Be7 6. c4 c6 7. Qb3 Qb6 8. Nc3 Nbd7 9. Re1 Ne4 10. Be3 0-0 11. Nxe4 Bxe4 12. Nd2 Bxg2 13. Kxg2 Nf6 14. Qc2 Ng4 15. Qd3 Nxe3+ 16. fxe3 f5 17. c5 Qc7 18. b4 e5 19. dxe5 Qxe5 20. Nf3 Qe6 21. Rab1 Rae8 22. a4 g6 23. Rec1 Bf6 24. Rb3 Rf7 25. b5 Rfe7 26. bxc6 bxc6 27. Kf2 d4 28. Nxd4 Bxd4 29. exd4 Qxe2+ 30. Qxe2 Rxe2+ 31. Kf3 R2e7 32. a5 Rd8 33. Rb4 Red7 34. Ke3 Kf7 35. Kd3 g5 36. a6 Kf6 37. Kc3 h5 38. Re1 f4 39. gxf4 gxf4 40. Re5 Kg6 41. Kd3 f3 42. Re4 Rf7 43. Rb1 f2 44. Rf1 Rb8 45. Kc2 Kg5 46. h4+ Kg6 47. Re6+ Kf5 48. Re2 Kg4 49. Rfxf2 Rxf2 50. Rxf2 Kxh4 51. Rf7 Kg3 52. Rg7+ Kf3 53. Rh7 Kg4 54. Rxa7 h4 55. Rg7+ Kf3 56. a7 Ra8 57. Rc7 h3 58. Rxc6 Rxa7 59. Kd3 Rh7 60. Rf6+ Kg2 61. Ke3 h2 62. Rf2+ Kg3 63. Rxh2 Rxh2 64. d5 Kg4 65. Ke4 Re2+ 66. Kd3 Re1 67. Kc4 Kf5 68. Kb5 Ke5 69. Kc6 Rd1 70. d6 Ke6 71. Kc7 Rd2 72. Kd8 Rc2 73. d7 Rh2 74. Kc7 Rh8 1-0

[Event "EU-ch blitz"]
[Site "Katowice"]
[Date "2017.12.15"]
[Round "13"]
[White "Ondrus, Martin"]
[Black "Qorri, Fatmir"]
[Result "1/2-1/2"]
[WhiteElo "2261"]
[BlackElo "2032"]
[PlyCount "109"]
[EventDate "2017.12.15"]
[EventType "swiss (blitz)"]
[EventRounds "22"]
[EventCountry "POL"]
[SourceTitle "CBM 182 Extra"]
[Source "ChessBase"]
[SourceDate "2018.02.23"]
[SourceVersion "1"]
[SourceVersionDate "2018.02.23"]
[SourceQuality "1"]

1. e4 c5 2. Nf3 Nc6 3. d4 cxd4 4. Nxd4 e5 5. Nb5 d6 6. c4 Nf6 7. N1c3 Be7 8. Be2 a6 9. Na3 0-0 10. 0-0 Be6 11. Be3 Rc8 12. Rc1 Qa5 13. Qd2 Rfd8 14. f3 h6 15. Rfd1 Bf8 16. Nc2 Ne7 17. b4 Qc7 18. Nd5 Nfxd5 19. cxd5 Bd7 20. Na3 Qb8 21. Nc4 b5 22. Na5 f5 23. Rxc8 Rxc8 24. Rc1 fxe4 25. fxe4 Be8 26. Rxc8 Qxc8 27. Qc1 Qd8 28. a4 Kh8 29. axb5 axb5 30. Qf1 Bg6 31. Bxb5 Bxe4 32. Nc6 Qa8 33. Nxe7 Bxe7 34. Bc6 Qa2 35. b5 Bxd5 36. Bxd5 Qxd5 37. Qb1 Qb7 38. b6 d5 39. Qb5 d4 40. Bd2 Bf6 41. Qc5 e4 42. Qc7 Qa6 43. b7 Qa1+ 44. Kf2 e3+ 45. Bxe3 dxe3+ 46. Kxe3 Qd4+ 47. Ke2 Qe4+ 48. Kf2 Bd4+ 49. Kf1 Qd3+ 50. Ke1 Qe3+ 51. Kd1 Qd3+ 52. Kc1 Be3+ 53. Kb2 Bd4+ 54. Kc1 Be3+ 55. Kb2 1/2-1/2

[Event "EU-ch blitz"]
[Site "Katowice"]
[Date "2017.12.15"]
[Round "15"]
[White "Qorri, Fatmir"]
[Black "Gazik, Viktor"]
[Result "0-1"]
[WhiteElo "2032"]
[BlackElo "2479"]
[PlyCount "99"]
[EventDate "2017.12.15"]
[EventType "swiss (blitz)"]
[EventRounds "22"]
[EventCountry "POL"]
[SourceTitle "CBM 182 Extra"]
[Source "ChessBase"]
[SourceDate "2018.02.23"]
[SourceVersion "1"]
[SourceVersionDate "2018.02.23"]
[SourceQuality "1"]

1. d4 Nf6 2. c4 Nc6 3. Nc3 e5 4. d5 Ne7 5. e4 Ng6 6. Nf3 Bb4 7. Bg5 h6 8. Bxf6 Qxf6 9. Qc2 0-0 10. a3 Bxc3+ 11. Qxc3 d6 12. h3 b6 13. g3 a5 14. Bg2 a4 15. 0-0 Bd7 16. Ne1 Qe7 17. Nc2 f5 18. exf5 Bxf5 19. Ne3 Qg5 20. h4 Qf6 21. Nxf5 Qxf5 22. Rae1 Qg4 23. Re4 Qd7 24. Kh2 Rf6 25. Bh3 Qe7 26. f4 Qf8 27. f5 Ne7 28. g4 g6 29. Qg3 gxf5 30. gxf5+ Kh7 31. Qg4 Qf7 32. Re2 b5 33. cxb5 Nxd5 34. Bg2 Rg8 35. Qc4 Nf4 36. Rxf4 exf4 37. Qxf4 Kh8 38. Bh3 Qd5 39. Rf2 Qxb5 40. Qd4 Qe5+ 41. Qxe5 dxe5 42. Re2 Re8 43. Kg3 Kg7 44. Kf3 Rb6 45. Kg4 Kf6 46. Bg2 Rb3 47. Bc6 Re7 48. Bxa4 Rd3 49. Re4 Rd4 50. Kf3 0-1

[Event "EU-ch blitz"]
[Site "Katowice"]
[Date "2017.12.15"]
[Round "11"]
[White "Qorri, Fatmir"]
[Black "Tomaszewski, Roman"]
[Result "1-0"]
[WhiteElo "2032"]
[BlackElo "2285"]
[PlyCount "71"]
[EventDate "2017.12.15"]
[EventType "swiss (blitz)"]
[EventRounds "22"]
[EventCountry "POL"]
[SourceTitle "CBM 182 Extra"]
[Source "ChessBase"]
[SourceDate "2018.02.23"]
[SourceVersion "1"]
[SourceVersionDate "2018.02.23"]
[SourceQuality "1"]

1. d4 Nf6 2. Nf3 g6 3. c4 Bg7 4. Nc3 d5 5. cxd5 Nxd5 6. e4 Nxc3 7. bxc3 c5 8. Bb5+ Nd7 9. 0-0 0-0 10. e5 Nb6 11. dxc5 a6 12. cxb6 axb5 13. Qxd8 Rxd8 14. Bg5 Kf8 15. Rfe1 h6 16. Be3 Be6 17. a3 Rdc8 18. Bd4 Ra4 19. Nd2 Rca8 20. Bc5 Rc8 21. Bb4 Ra6 22. f4 Rxb6 23. a4 bxa4 24. Rxa4 Rbc6 25. Rea1 f6 26. Ra5 fxe5 27. fxe5 Kg8 28. Ne4 Bf5 29. Ng3 Re6 30. Nxf5 gxf5 31. Re1 Rd8 32. Kf2 Rd7 33. Kf3 Kf7 34. g3 Rc6 35. Rc5 Rxc5 36. e6+ 1-0

[Event "Skopje U2200 op"]
[Site "Skopje"]
[Date "2017.12.10"]
[Round "7"]
[White "Qorri, Fatmir"]
[Black "Sahin, Hayrun Nisa"]
[Result "1-0"]
[WhiteElo "2032"]
[BlackElo "1618"]
[PlyCount "53"]
[EventDate "2017.12.07"]
[EventType "swiss"]
[EventRounds "7"]
[EventCountry "MKD"]
[SourceTitle "CBM 182 Extra"]
[Source "ChessBase"]
[SourceDate "2018.02.23"]
[SourceVersion "1"]
[SourceVersionDate "2018.02.23"]
[SourceQuality "1"]

1. c4 Nf6 2. d4 g6 3. Nc3 Bg7 4. e4 d6 5. h4 h5 6. Be2 0-0 7. Nf3 Bg4 8. Ng5 Bxe2 9. Qxe2 Nc6 10. Be3 Ng4 11. 0-0-0 Nxe3 12. fxe3 e5 13. d5 Ne7 14. g4 hxg4 15. Qxg4 f5 16. exf5 Nxf5 17. Ne6 Nxe3 18. Qe4 Qe7 19. Qxe3 Rf5 20. Nxg7 Qxg7 21. Ne4 Raf8 22. Kb1 Rf3 23. Qg1 R8f4 24. Ng5 Rf2 25. Ne6 Qf6 26. h5 e4 27. Qxg6+ 1-0